Normal view
MARC view
- Amit Nanda
Entry Personal Name
001 - CONTROL NUMBER
- control field: 120527
003 - CONTROL NUMBER IDENTIFIER
- control field: OSt
005 - DATE AND TIME OF LATEST TRANSACTION
- control field: 20230306075453.0
008 - FIXED-LENGTH DATA ELEMENTS
- fixed length control field: 230306|| aca||aabn | a|a d
040 ## - CATALOGING SOURCE
- Original cataloging agency: OSt
- Transcribing agency: OSt
100 ## - HEADING--PERSONAL NAME
- Personal name: Amit Nanda
670 ## - SOURCE DATA FOUND
- Source citation: Work cat.: (OSt)98942: Amit Nanda, The Information Technology Act-2000, 2013